Technology of Machine tools 4th/Ed (Record no. 308513)
[ view plain ]
| 000 -LEADER | |
|---|---|
| fixed length control field | 00354 a2200157 4500 |
| 001 - CONTROL NUMBER | |
| control field | 73440 |
| 082 ## - DEWEY DECIMAL CLASSIFICATION NUMBER | |
| Classification number | 621.902 KRA |
| 090 ## - LOCALLY ASSIGNED LC-TYPE CALL NUMBER (OCLC); LOCAL CALL NUMBER (RLIN) | |
| -- | 38897 |
| -- | 38897 |
| 100 ## - MAIN ENTRY--PERSONAL NAME | |
| Personal name | Krar |
| 245 ## - TITLE STATEMENT | |
| Title | Technology of Machine tools 4th/Ed |
| Statement of responsibility, etc. | Krar |
| 250 ## - EDITION STATEMENT | |
| Edition statement | 4th |
| 260 ## - PUBLICATION, DISTRIBUTION, ETC. | |
| Place of publication, distribution, etc. | Ny |
| Name of publisher, distributor, etc. | Mcgraw Hill |
| Date of publication, distribution, etc. | 1990 |
| 300 ## - PHYSICAL DESCRIPTION | |
| Extent | 751.p |
| 500 ## - GENERAL NOTE | |
| General note | CAE Textbook |
| 520 ## - SUMMARY, ETC. | |
| Summary, etc. | CAE Textbook |
| 942 ## - ADDED ENTRY ELEMENTS (KOHA) | |
| Institution code [OBSOLETE] | caenust |
| Call number prefix | 621.902 KRA |
| Withdrawn status | Lost status | Damaged status | Not for loan | Collection code | Permanent Location | Current Location | Date acquired | Total Checkouts | Full call number | Barcode | Date last seen | Price effective from | Koha item type |
|---|---|---|---|---|---|---|---|---|---|---|---|---|---|
| College of Aeronautical Engineering (CAE) | College of Aeronautical Engineering (CAE) | 04/03/2017 | 621.902 KRA | CAE63195 | 04/05/2017 | 04/05/2017 | Book |
